Famous People by Pictures - K - Statistics

General Stats
  • This quiz has been taken 79 times
  • The average score is 14 of 25
Answer Stats
Picture Answer % Correct
Katy Perry
89%
Kurt Cobain
89%
Kim Kardashian
86%
Kanye
83%
Kobe Bryant
80%
Kate Middleton
74%
Kendall Jenner
72%
Khloe Kardashian
72%
Kourtney Kardashian
72%
Kris Jenner
71%
Kylie Jenner
71%
Kylian Mbappé
65%
Kristen Stewart
63%
Keira Knightley
60%
Kevin Costner
51%
Katie Holmes
49%
Kelly Clarkson
49%
Kendrick Lamar
48%
Kirk Douglas
48%
Kylie Minogue
43%
Kaya Scodelario
12%
Käärijä
9%
Khalid
9%
Kehlani
8%
Kendall Schmidt
3%
No matching quizzes found
Score Distribution
Percent of People with Each Score
Percentile by Number Answered
Your Score History
You have not taken this quiz